Documento firmado por el C. Valentín Gómez Farias Vice-Presidente de los Estados Unidos Mexicanos (Record no. 4719)

MARC details
000 -CABECERA
campo de control de longitud fija 01965nam a2200337 a 4500
001 - NÚMERO DE CONTROL
campo de control BRCA_5025
005 - FECHA Y HORA DE LA ÚLTIMA TRANSACCIÓN
campo de control 20190320204917.0
008 - DATOS DE LONGITUD FIJA--INFORMACIÓN GENERAL
campo de control de longitud fija 011110s1834----mx-######v---#000-0#spa-#
041 ## - CÓDIGO DE LENGUA
Código de lengua del texto/banda sonora o título independiente spa
044 ## - CÓDIGO DEL PAÍS DE LA ENTIDAD EDITORA/PRODUCTORA
Código MARC del país mx
084 ## - OTRO NÚMERO DE CLASIFICACIÓN
Número de clasificación DOC96A
Número de documento/Ítem .G66
-- 1834
100 1# - ENTRADA PRINCIPAL--NOMBRE DE PERSONA
Nombre de persona Gómez Farias, José María Valentín
Títulos y otros términos asociados al nombre Vice-Presidente de los Estados Unidos Mexicanos
Fechas asociadas al nombre 1781-1858
9 (RLIN) 12825
245 10 - MENCIÓN DE TÍTULO
Título Documento firmado por el C. Valentín Gómez Farias Vice-Presidente de los Estados Unidos Mexicanos
Mención de responsabilidad, etc. Valentín Gómez Farias, Eduardo Goroztiza, Juan Manuel Escalante.
260 ## - PUBLICACIÓN, DISTRIBUCIÓN, ETC.
Lugar de publicación, distribución, etc. México
Fecha de publicación, distribución, etc. 1834
300 ## - DESCRIPCIÓN FÍSICA
Extensión [2] fojas
Dimensiones 30 x 21 cm
500 ## - NOTA GENERAL
Nota general Documento firmado el 11 de Marzo de 1834
500 ## - NOTA GENERAL
Nota general Don Valentín Gómez Farias Vice-Presidente de los Estados Unidos Mexicanos nombra escribiente cuarto de la Secretaría de Estado y Despacho de Relaciones Exteriores a Don Eduardo Goroztiza por ascenso de Don Juan Manuel Escalante. Sueldo
Enlace 00.
500 ## - NOTA GENERAL
Nota general El documento tiene la leyenda DOC. #257
500 ## - NOTA GENERAL
Nota general Al márgen escudo Nacional Mexicano abultado, encabezado con escudo del Águila Republicana y leyenda: SELLO SEGUNDO. DOCE REALES PARA LOS AÑOS MIL OCHOCIENTOS TREINTA Y DOS Y OCHOCIENTOS TREITA Y TRES. Contiene sello lacrado
500 ## - NOTA GENERAL
Nota general Papel con marca de agua
500 ## - NOTA GENERAL
Nota general Estado de conservación: tiene rasgos de acidificación
506 0# - NOTA DE RESTRICCIONES AL ACCESO
Limitaciones de acceso Fondo reservado: para su consulta es necesario credencial de usuario y carta de motivos
546 ## - NOTA DE LENGUA/LENGUAJE
Nota de lengua/lenguaje Texto en: español a mediados del siglo XIX
600 14 - PUNTO DE ACCESO ADICIONAL DE MATERIA--NOMBRE DE PERSONA
Nombre de persona Gómez Farias, José María Valentín
Títulos y otros términos asociados al nombre Vice-Presidente de los Estados Unidos Mexicanos
Fechas asociadas al nombre 1781-1858
9 (RLIN) 12825
650 14 - PUNTO DE ACCESO ADICIONAL DE MATERIA--TÉRMINO DE MATERIA
Término de materia o nombre geográfico como elemento de entrada Documentos legales
Subdivisión de forma Impreso con rúbricas
Subdivisión general Relaciones internacionales
9 (RLIN) 12826
651 #4 - PUNTO DE ACCESO ADICIONAL DE MATERIA--NOMBRE GEOGRÁFICO
Nombre geográfico México
Subdivisión general Historia
Subdivisión cronológica Federalismo y centralismo, 1824-1853
9 (RLIN) 12576
700 1# - PUNTO DE ACCESO ADICIONAL--NOMBRE DE PERSONA
Nombre de persona Goroztiza y Cepeda, Manuel María del Pilar Eduardo
Fechas asociadas al nombre 1789-1851
9 (RLIN) 12827
700 1# - PUNTO DE ACCESO ADICIONAL--NOMBRE DE PERSONA
Nombre de persona Escalante, Juan Manuel
9 (RLIN) 12828
902 ## - CATALOGADOR
Iniciales FDH
942 ## - ELEMENTOS DE PUNTO DE ACCESO ADICIONAL (KOHA)
Fuente del sistema de clasificación o colocación Library of Congress Classification
Tipo de ítem Koha Documentos
Holdings
Estado de retiro Estado de pérdida Estado dañado No para préstamo Localización permanente Ubicación/localización actual Fecha de adquisición Total de préstamos Signatura topográfica completa Código de barras Fecha visto por última vez Precio válido a partir de Tipo de ítem Koha
El ejemplar forma parte de la colección y puede ser consultado según las políticas vigentes.       Biblioteca del Museo Franz Mayer (Rogerio Casas-Alatriste) Biblioteca del Museo Franz Mayer (Rogerio Casas-Alatriste) 01/11/2010   DOC96A .G66 1834 5113 22/03/2019 22/03/2019 Documentos